|
|
|
|
| LEADER |
01151nam a2200313 a 4500 |
| 001 |
000006138 |
| 003 |
CZ BrMZK |
| 005 |
20260320074718.0 |
| 007 |
ta |
| 008 |
940103s1993 xr f cze d |
| 015 |
|
|
|a cnb000083561
|
| 020 |
|
|
|a 80-900255-9-5
|c 40.00
|
| 035 |
|
|
|a (OCoLC)39575898
|
| 040 |
|
|
|a BOA001
|b cze
|
| 080 |
|
|
|a 235 Maria, svatá
|2 MRF
|
| 100 |
1 |
|
|a Press, František,
|d 1932-2004
|7 jn19990209688
|
| 245 |
1 |
0 |
|a Maria... :
|b Mariánská zjevení a poselství lidem 20.století.
|n Dodatek 6,
|p Peklo existuje /
|c Vybr., přel. a koment. ...
|
| 246 |
3 |
0 |
|a Peklo existuje
|
| 250 |
|
|
|a 1. vyd.
|
| 260 |
|
|
|a Brno :
|b Mariánské nakladatelství,
|c 1993
|
| 300 |
|
|
|a 192 s.
|
| 500 |
|
|
|a Dostupné též v digitální podobě v aplikaci Kramerius
|
| 653 |
0 |
|
|a mariánská zjevení
|
| 856 |
4 |
1 |
|u https://www.digitalniknihovna.cz/mzk/uuid/uuid:2568c787-28ed-11f1-9374-f6d16af1732f
|y Digitalizovaný dokument
|x NDK
|
| 910 |
|
|
|a BOA001
|b 2-0967.844,6
|
| 962 |
|
|
|a 23/28
|
| 964 |
|
|
|a Maria, svatá - rozjímání
|
| 990 |
|
|
|a BK
|
| 996 |
6 |
|
|b 2610004270
|c 2-0967.844,6
|l MZK
|r Sklad / do 1 hodiny
|n 4
|p p.v.
|w 000006138
|u 000010
|a 1
|e BOA001
|j MZK50
|s P
|